Statistics for Every Episode of Gossip Girl

Click here to take the quiz!

General Stats

  • This quiz has been taken 67 times
  • The average score is 21 of 121

Answer Stats

HintMovie HintEpisode Name% Correct
S1.E1N/APilot
90%
S1.E3Poison IvyPoison Ivy
55%
S1.E7Victor, VictoriaVictor, Victrola
51%
S1.E2The Wild BunchThe Wild Brunch
49%
S1.E4Bad News BearsBad News Blair
47%
S1.E11Roman HolidayRoman Holiday
43%
S1.E15Desperately Seeking SusanDesperately Seeking Serena
41%
S1.E14The Blair Witch ProjectThe Blair Bitch Project
41%
S1.E12School TiesSchool Lies
39%
S1.E9John Tucker Must Die!Blair Waldorf Must Pie!
37%
S1.E8Sixteen CandlesSeventeen Candles
37%
S3.E22Last Tango in ParisLast Tango, Then Paris
35%
S2.E4The X-FilesThe Ex Files
31%
S1.E5DaredevilDare Devil
29%
S2.E3The Dark KnightThe Dark Night
27%
S3.E13The Hurt LockerThe Hurt Locket
27%
S2.E24Valley GirlValley Girls
27%
S4.E5Goodbye, ColumbusGoodbye, Columbia
25%
S1.E10High SocietyHi, Society
25%
S2.E12It's a Wonderful LifeIt's a Wonderful Lie
25%
S2.E13O Brother, Where Art Thou?O Brother, Where Bart Thou?
25%
S3.E11The Treasure of the Sierra MadreThe Treasure of the Serena Madre
25%
S4.E6Easy AEasy J
24%
S2.E8Pret-a-PorterPret-a-Poor-J
24%
S2.E1Some Kind of WonderfulSummer, Kind of Wonderful
24%
S3.E12The DepartedThe Debarted
24%
S2.E19The GodfatherThe Grandfather
24%
S3.E8The Godfather: Part IIThe Grandfather: Part II
24%
S1.E6The Handmaid's TaleThe Handmaiden's Tale
24%
S2.E5The Sun Also RisesThe Serena Also Rises
24%
S3.E9They Shoot Horses, Don't They?They Shoot Humphreys, Don't They?
24%
S2.E16You've Got MailYou've Got Yale!
24%
S3.E20It's a Mad, Mad, Mad WorldIt's a Dad, Dad, Dad World
22%
S2.E11The Magnificent AmbersonsThe Magnificent Archibalds
22%
S1.E16All About My MotherAll About My Brother
20%
S2.E17Carnal KnowledgeCarrnal Knowledge
20%
S3.E19Dr. StrangeloveDr. Estrangeloved
20%
S4.E8Alice Doesn't Live Here AnymoreJuliet Doesn't Live Here Anymore
20%
S1.E18Much Ado About NothingMuch 'I Do' About Nothing
20%
S2.E2Never Been KissedNever Been Marcused
20%
S2.E6Heaven Can WaitNew Haven Can Wait
20%
S2.E22Gentlemen Prefer BlondesSouthern Gentlemen Prefer Blondes
20%
S2.E25The Goodbye GirlThe Goodbye Gossip Girl
20%
S3.E10The Last Days of DiscoThe Last Days of Disco Stick
20%
S4.E13Donnie DarkoDamien Darko
18%
S3.E5Rachel Getting MarriedRufus Getting Married
18%
S2.E18The Age of InnocenceThe Age of Dissonance
18%
S3.E16The Empire Strikes BackThe Empire Strikes Jack
18%
S4.E12The Kids Are All RightThe Kids Are Not All Right
18%
S1.E13A Thin Line Between Love and HateThe Thin Line Between Chuck and Nate
18%
S3.E18The Unbearable Lightness of BeingThe Unblairable Lightness of Being
18%
S4.E1Belle de JourBelles de Jour
16%
S3.E7How to Succeed in Business Without Really TryingHow to Succeed in Bassness
16%
S2.E14In the Realm of the SensesIn the Realm of the Basses
16%
S5.E4Memoirs of an Invisible ManMemoirs of an Invisible Dan
16%
S2.E10The Bonfire of the VanitiesBonfire of the Vanity
14%
S3.E21Husbands and WivesEx-Husbands and Wives
14%
S5.E13GigiG.G.
14%
S6.E2High FidelityHigh Infidelity
14%
S3.E17Inglourious BasterdsInglourious Bassterds
14%
S4.E15It Happened One NightIt-Girl Happened One Night
14%
S5.E19Girl, InterruptedIt Girl, Interrupted
14%
S4.E19Pretty in PinkPetty in Pink
14%
S5.E14The Backup PlanThe Backup Dan
14%
S3.E2The FreshmanThe Freshman
14%
S2.E9There Will Be BloodThere Might Be Blood
14%
S4.E11The TownThe Townie
14%
S4.E9The Witches of EastwickThe Witches of Bushwick
14%
S1.E17Women on the Verge of a Nervous BreakdownWoman on the Verge
14%
S2.E7Dan in Real LifeChuck in Real Life
12%
S3.E4Jean de FloretteDan de Fleurette
12%
S5.E21Despicable MeDespicable B
12%
S4.E17Empire of the SunEmpire of the Son
12%
S3.E6All About EveEnough About Eve
12%
S2.E15Gone with the WindGone with the Will
12%
S2.E20Remains of the DayRemains of the J
12%
S3.E1Reversal of FortuneReversals of Fortune
12%
S2.E21Say Anything...Seder Anything
12%
S4.E21Shattered GlassShattered Bass
12%
S3.E3The Lost BoysThe Lost Boy
12%
S3.E15The 40-Year-Old VirginThe Sixteen Year Old Virgin
12%
S4.E4Touch of EvilTouch of Eva
12%
S4.E16While You Were SleepingWhile You Weren't Sleeping
12%
S5.E16CrossroadsCross Rhodes
10%
S4.E2Double IndemnityDouble Identity
10%
S4.E10GaslightGaslit
10%
S6.E10New York, I Love YouNew York, I Love You XOXO
10%
S5.E9Road to PerditionRhodes to Perdition
10%
S5.E10Riding in Cars with BoysRiding in Town Cars with Boys
10%
S5.E23The FugitiveThe Fugitives
10%
S3.E14The Lady VanishesThe Lady Vanished
10%
S4.E7The War of the RosesWar at the Roses
10%
S5.E18Con AirCon Heir
8%
S5.E15Crazy Stupid LoveCrazy, Cupid, Love
8%
S4.E14Panic RoomPanic Roommate
8%
S6.E4The Portrait of a LadyPortrait of a Lady Alexander
8%
S5.E22Raiders of the Lost ArkRaiders of the Lost Art
8%
S5.E7The Big SleepThe Big Sleep No More
8%
S5.E11The End of the AffairThe End of the Affair?
8%
S2.E23The Wrath of the KhanThe Wrath of the Con
8%
S4.E22The Long GoodbyeThe Wrong Goodbye
8%
S5.E2Beauty and the BeastBeauty and the Feast
6%
S5.E12Father of the BrideFather of the Bride
6%
S5.E6I Am Number FourI Am Number Nine
6%
S4.E18The Kid Stays in the PictureThe Kids Stay in the Picture
6%
S5.E24Lord of the Rings: The Return of the KingThe Return of the Ring
6%
S4.E3The UntouchablesThe Undergraduates
6%
S5.E1Less Than ZeroYes, Then Zero
6%
S5.E8All the Pretty HorsesAll the Pretty Sources
4%
S6.E3Dirty Rotten ScoundrelsDirty Rotten Scandals
4%
S5.E20Shaun of the DeadSalon of the Dead
4%
S5.E3The Jewel of the NileThe Jewel of Denial
4%
S4.E20The Princess and the FrogThe Princesses and the Frog
4%
S6.E9The AvengersThe Revengers
4%
S6.E6Where the Wild Things AreWhere the Vile Things Are
4%
S6.E1Gone Baby GoneGone Maybe Gone
2%
S6.E8It's ComplicatedIt's Really Complicated
2%
S6.E7Save the Last DanceSave the Last Chance
2%
S5.E5The Fast and the FuriousThe Fasting and the Furious
2%
S5.E17The Princess DiariesThe Princess Dowry
2%
S6.E5Monster's BallMonstrous Ball
0%

Score Distribution

Percentile by Number Answered

Percent of People with Each Score

Your Score History

You have not taken this quiz